Które państwo Azji? - Statystyki

Ogólne statystyki
  • Ten quiz został rozwiązany 1 966 razy
  • Średni wynik to 10 z 15
Statystyki odpowiedzi
Zagadnienie Odpowiedź % Poprawnych
Spośród wymienionych państw, które posiada największą ludność? Indonezja
89%
W którym państwie znajduje się Al-Kaba? Arabia Saudyjska
84%
Które państwo niegdyś było znane jako Cejlon? Sri Lanka
81%
Które państwo graniczy z Afganistanem? Iran
78%
Które państwo posiada broń atomową? Pakistan
77%
Które państwo jest w większości chrześcijańskie? Gruzja
76%
Stolica którego państwa nie zaczyna się na literę T? Korea Północna
73%
Które państwo jest monarchią? Oman
73%
Które państwo graniczy z Morzem Kaspijskim? Azerbejdżan
72%
Które państwo jest uważane za miejsce narodzin Siddhārthy Gautamy, znanego również jako Budda? Nepal
69%
Terytorium którego państwa nie było okupowane przez Japonie podczas II wojny światowej? Sri Lanka
66%
W którym państwie rzeka Mekong wpada do oceanu? Wietnam
52%
W którym państwie można znaleźć najniższy punkt na lądzie na całym świecie? Izrael
51%
W którym państwie znajduje się miasto Mandalaj? Mjanma
51%
W którym państwie język tagalski jest często używany? Filipiny
33%
Nie znaleziono quizów pasujących do podanych kryteriów
Rozkład punktacji
Procent ludzi z każdym wynikiem
Percentyl według liczby udzielonych odpowiedzi
Twoja historia wyników
Nie rozwiązałeś tego quizu